[Event "Transcontinental A"]
[Site "Montreal"]
[Date "2016.12.09"]
[Round "1"]
[White "Turcotte, Jonathan"]
[Black "Lamarche, Michel"]
[Result "1-0"]
[WhiteElo "2065"]
[BlackElo "1906"]
[EventDate "2016.12.09"]

1.d4 Nf6 2.c4 e6 3.Nf3 b6 4.g3 Ba6 5.b3 d5 6.Bg2 Bb7 7.cxd5 Nxd5 8.O-O Nd7
9.Re1 N5f6 10.Nbd2 Ne4 11.Qc2 Ndf6 12.Ng5 Nxg5 13.Bxb7 Bb4 14.Qc4 Be7 15.
Bxa8 Qxa8 16.Qb5+ Nd7 17.e4 c6 18.Qd3 O-O 19.h4 Nh3+ 20.Kg2 Nf4+ 21.gxf4 
Bxh4 22.Ba3 Rc8 1-0

[Event "Transcontinental A"]
[Site "Montreal"]
[Date "2016.12.09"]
[Round "1"]
[White "Gauthier, Denis"]
[Black "Marin, Sam"]
[Result "1/2-1/2"]
[WhiteElo "1977"]
[BlackElo "2051"]
[EventDate "2016.12.09"]

1.d4 Nf6 2.c4 e5 3.dxe5 Ng4 4.Bf4 Nc6 5.Nf3 Bb4+ 6.Nbd2 Qe7 7.e3 Ngxe5 8.
Nxe5 Nxe5 9.Be2 d6 10.O-O O-O 11.Nb3 Ng6 12.Bg3 Be6 13.a3 Bc5 14.Nxc5 dxc5
15.Qc2 Rfd8 16.Rad1 Rxd1 17.Rxd1 Rd8 18.Rxd8+ Qxd8 19.Qd3 Qc8 20.Bf3 f6 
21.b3 Ne7 22.h3 Nf5 23.Bf4 c6 24.Be4 g6 25.g4 Ng7 26.Qd6 f5 27.gxf5 Bxf5 
28.Bxf5 Nxf5 29.Qb8 Ne7 30.Kg2 Qxb8 31.Bxb8 Nc8 32.Kf3 Kf7 33.Ke4 Ke6 34.
f4 b5 35.Kd3 a6 36.e4 Nb6 37.Bc7 Nd7 38.Bd8 h5 39.Ke3 Nf8 40.Kf3 Kd7 41.
Bf6 Ne6 42.Ke3 Ke8 43.f5 gxf5 44.exf5 Kf7 45.fxe6+ Kxf6 46.Kf4 a5 47.a4 
bxc4 48.bxc4 Kxe6 1/2-1/2

[Event "Transcontinental A"]
[Site "Montreal"]
[Date "2016.12.09"]
[Round "1"]
[White "Ivakhin, Mikhail"]
[Black "Villeneuve, Robert"]
[Result "1-0"]
[WhiteElo "2019"]
[BlackElo "1924"]
[EventDate "2016.12.09"]

1.d4 d5 2.e3 Nf6 3.f4 c5 4.Nf3 g6 5.c3 Bg7 6.Bd3 O-O 7.O-O b6 8.Nbd2 Ba6 
9.Bxa6 Nxa6 10.Qe2 Nb8 11.Ne5 Nfd7 12.Ndf3 f6 13.Nxd7 Qxd7 14.e4 e6 15.Rd1
cxd4 16.Nxd4 Re8 17.b3 dxe4 18.Bb2 Qc8 19.Qxe4 Na6 20.Kh1 Nc5 21.Qf3 e5 
22.Qd5+ Kh8 23.Nb5 Qb7 24.Qxb7 Nxb7 25.Nc7 exf4 26.Nxa8 Rxa8 27.Rd4 Nc5 
28.Rad1 h5 29.Rxf4 f5 30.Rf3 Ne4 31.Kg1 Rc8 32.Rfd3 Kh7 33.Rd7 Kh6 34.Bc1+
g5 35.c4 Re8 36.h4 f4 37.hxg5+ Kg6 38.Bxf4 Nc3 39.R1d6+ Kf5 40.Bd2 Ne2+ 
41.Kf2 Be5 42.Rd5 Nf4 43.Rf7+ Ke4 44.Rxe5+ 1-0

[Event "Transcontinental A"]
[Site "Montreal"]
[Date "2016.12.10"]
[Round "2"]
[White "Lamarche, Michel"]
[Black "Villeneuve, Robert"]
[Result "1-0"]
[WhiteElo "1906"]
[BlackElo "1924"]
[EventDate "2016.12.09"]

1.e4 c5 2.Nf3 d6 3.Bb5+ Nd7 4.c4 g6 5.O-O Bg7 6.Nc3 Nf6 7.d3 O-O 8.Nh4 Ne8
9.f4 Nc7 10.Ba4 Ne6 11.Nf3 Nd4 12.Kh1 Nb8 13.Nxd4 cxd4 14.Ne2 f5 15.Ng3 e6
16.b4 a5 17.a3 axb4 18.axb4 Na6 19.Ba3 Bd7 20.Bb3 Kh8 21.e5 dxe5 22.b5 Nc7
23.Bxf8 Qxf8 24.Rxa8 Nxa8 25.fxe5 Bxe5 26.Qe1 Bc7 27.Qa1 e5 28.Qa7 Nb6 29.
Qxb7 Qc5 30.Ra1 e4 31.Ra7 Bxg3 32.hxg3 e3 33.Bd1 Qd6 34.Qc7 Qb4 35.Qxb6 
Qe1+ 36.Kh2 Qxd1 1-0

[Event "Transcontinental A"]
[Site "Montreal"]
[Date "2016.12.10"]
[Round "2"]
[White "Marin, Sam"]
[Black "Ivakhin, Mikhail"]
[Result "1/2-1/2"]
[WhiteElo "2051"]
[BlackElo "2019"]
[EventDate "2016.12.09"]

1.e4 e6 2.d4 d5 3.exd5 exd5 4.Nf3 Nf6 5.Bd3 Bd6 6.O-O O-O 7.h3 h6 8.Re1 c6
9.Nbd2 Nh5 10.Ne5 Nf4 11.Ndf3 Nxd3 12.Qxd3 Qf6 13.Ng4 Qf5 14.Qe2 Qh7 15.
Nfe5 f6 16.Nd3 Bd7 17.Bf4 Bxf4 18.Nxf4 Rf7 19.Qd3 Qxd3 20.Nxd3 Na6 21.Re3 
Bf5 22.Rae1 Kf8 23.c3 Rd7 24.Nf4 Nc7 25.Nh2 Kf7 26.g4 Bh7 27.h4 Re8 28.h5 
Rde7 29.Rxe7+ Rxe7 30.Rxe7+ Kxe7 31.Nf3 Bb1 32.a3 Ne8 33.Nd2 Bc2 34.f3 Nd6
35.Kf2 f5 36.Ng6+ Kf6 37.Ne5 fxg4 38.fxg4 Kg5 39.Kg3 Bd1 40.Ndf3+ Kf6 41.
Nd2 Ke6 42.Kf4 Ne8 43.Ndf3 Nf6 44.Nh4 Bc2 45.Nhg6 Bxg6 46.Nxg6 Ne4 47.Ne5 
1/2-1/2

[Event "Transcontinental A"]
[Site "Montreal"]
[Date "2016.12.10"]
[Round "2"]
[White "Turcotte, Jonathan"]
[Black "Gauthier, Denis"]
[Result "0-1"]
[WhiteElo "2065"]
[BlackElo "1977"]
[EventDate "2016.12.09"]

1.d4 Nf6 2.c4 e6 3.Nf3 b6 4.g3 Ba6 5.b3 d5 6.Bg2 c5 7.O-O Nc6 8.cxd5 exd5 
9.Bb2 Rc8 10.Nbd2 Be7 11.Re1 O-O 12.Rc1 Re8 13.h3 Bf8 14.Nf1 c4 15.bxc4 
Bxc4 16.Ne3 b5 17.a4 a6 18.Ne5 Bb4 19.Rf1 Bd6 20.f4 Qb6 21.Kh2 Bf8 22.g4 
Rcd8 23.Rb1 Qc7 24.Qe1 Ne4 25.N3xc4 bxc4 26.e3 f6 27.Nxc6 Qxc6 28.Rc1 Rb8 
29.Bc3 Qxa4 30.f5 Bd6+ 31.Kg1 Rb3 32.Ba1 Qa3 33.Rf3 Ng5 34.Rg3 Ne4 35.Rf3 
Qb4 36.Qh4 Qd2 37.Rcf1 Rxe3 38.Qh5 Re7 39.h4 Rxf3 40.Rxf3 Qe1+ 41.Rf1 Qg3 
42.Rf3 Qh2+ 0-1

[Event "Transcontinental A"]
[Site "Montreal"]
[Date "2016.12.10"]
[Round "3"]
[White "Villeneuve, Robert"]
[Black "Marin, Sam"]
[Result "1/2-1/2"]
[WhiteElo "1924"]
[BlackElo "2051"]
[EventDate "2016.12.09"]

1.c4 e5 2.g3 Nf6 3.Bg2 Nc6 4.Nc3 g6 5.Nf3 Bg7 6.d4 exd4 7.Nxd4 O-O 8.Nxc6 
bxc6 9.O-O Re8 10.h3 d5 11.Be3 Rb8 12.Bxa7 Rxb2 13.Rb1 Rxb1 14.Qxb1 Ba6 
15.cxd5 Nxd5 16.Nxd5 cxd5 17.Rd1 Rxe2 18.Rxd5 Qe8 19.Kh2 Rb2 20.Qd1 Bf6 
21.Bd4 Bxd4 22.Qxd4 Rb8 23.a4 Bb7 24.Re5 Qc8 25.Bxb7 Qxb7 26.Rb5 Qc8 27.
Qb4 Rxb5 28.Qxb5 c5 29.a5 c4 30.a6 c3 31.Qb7 Qc5 32.Kg2 c2 33.a7 c1=Q 34.
a8=Q+ Kg7 35.Qe8 Q5c4 36.Qe5+ Kh6 37.Qe3+ Qxe3 38.fxe3 Qe2+ 39.Kh1 Qf1+ 
40.Kh2 Qf2+ 41.Qg2 Qxe3 42.Qb2 f5 43.Qb8 Qf2+ 44.Kh1 Qf3+ 45.Kh2 Qe2+ 46.
Kg1 Qd1+ 47.Kh2 Qd2+ 48.Kh1 Kg5 49.Qc7 Qe1+ 50.Kh2 Qf2+ 51.Kh1 Qf3+ 52.Kg1
Qe3+ 53.Kh1 Qe4+ 54.Kh2 h6 55.Qc1+ Kf6 56.Qxh6 Qe2+ 1/2-1/2

[Event "Transcontinental A"]
[Site "Montreal"]
[Date "2016.12.10"]
[Round "3"]
[White "Gauthier, Denis"]
[Black "Lamarche, Michel"]
[Result "1-0"]
[WhiteElo "1977"]
[BlackElo "1906"]
[EventDate "2016.12.09"]

1.d4 Nf6 2.c4 e6 3.Nf3 b6 4.a3 Bb7 5.Nc3 Be7 6.d5 d6 7.e4 e5 8.Bd3 O-O 9.
O-O Bc8 10.h3 Ne8 11.Ne2 g6 12.Bh6 Ng7 13.Qd2 f5 14.exf5 gxf5 15.Ng5 Bxg5 
16.Bxg5 Qe8 17.f4 e4 18.Bc2 Qg6 19.Nd4 h6 20.Bh4 Kh7 21.Kh2 Nd7 22.Nb5 Ba6
23.a4 Bxb5 24.axb5 a5 25.bxa6 Ra7 26.b4 Rfa8 27.b5 Rg8 28.Ra3 Nh5 29.Rg1 
Ndf6 30.Qe3 Qe8 31.Bd1 Rg7 32.g4 1-0

[Event "Transcontinental A"]
[Site "Montreal"]
[Date "2016.12.10"]
[Round "3"]
[White "Ivakhin, Mikhail"]
[Black "Turcotte, Jonathan"]
[Result "0-1"]
[WhiteElo "2019"]
[BlackElo "2065"]
[EventDate "2016.12.09"]

1.e4 c6 2.f4 d5 3.e5 Nh6 4.Nf3 Bg4 5.d3 e6 6.c3 Nf5 7.Be2 Qb6 8.d4 c5 9.
Bd3 Nc6 10.Bxf5 Bxf5 11.Qa4 Bd3 12.Nbd2 Be7 13.Qd1 cxd4 14.Nb3 Ba6 15.
Nbxd4 Nxd4 16.Nxd4 O-O 17.Rb1 Qc7 18.Be3 Rae8 19.Kf2 Bd8 20.Re1 f6 21.exf6
Bxf6 22.Kg1 e5 23.Nf3 exf4 24.Qxd5+ Kh8 25.Bd4 Bc4 26.Qh5 Bf7 27.Qb5 Bxd4+
28.cxd4 a6 29.Qa4 Bg6 30.Rbc1 Rxe1+ 31.Rxe1 Qd6 32.Qc4 Rd8 33.h3 Bh5 34.
Re6 Qd7 35.Ne5 Qxd4+ 36.Qxd4 Rxd4 37.Re7 Rb4 38.Rc7 h6 39.Rc2 g5 40.Kf2 
Kg7 41.Nd3 Rb5 42.Rc7+ Kf6 43.b3 Bf7 44.g3 fxg3+ 45.Kxg3 Bd5 46.Nf2 h5 47.
Rc3 Bc6 48.Nd1 Rf5 49.Nb2 h4+ 50.Kg4 Kg6 0-1

[Event "Transcontinental A"]
[Site "Montreal"]
[Date "2016.12.11"]
[Round "4"]
[White "Gauthier, Denis"]
[Black "Ivakhin, Mikhail"]
[Result "1-0"]
[WhiteElo "1977"]
[BlackElo "2019"]
[EventDate "2016.12.09"]

1.d4 d5 2.c4 e6 3.Nc3 Nf6 4.cxd5 exd5 5.Bg5 Be7 6.e3 h6 7.Bh4 c6 8.Bd3 O-O
9.Nge2 Ne4 10.Bxe7 Qxe7 11.Qc2 f5 12.O-O a5 13.Rae1 Na6 14.a3 Qg5 15.Nf4 
Nc7 16.f3 Nd6 17.Na4 Qf6 18.Nb6 Rb8 19.Qd2 Ne6 20.Nxe6 Bxe6 21.g3 Qd8 22.
Na4 b6 23.Nc3 Qg5 24.Qg2 Qf6 25.Ne2 Rbe8 26.Nf4 Bd7 27.Qc2 Re7 28.Qb3 b5 
29.Qc3 Rfe8 30.Ng2 a4 31.Rf2 Qg5 32.Qb4 Nf7 33.f4 Qf6 34.Qd2 Nd6 35.Rfe2 
Rc8 36.Nh4 Be8 37.Nf3 Bh5 38.Rf2 Bxf3 39.Rxf3 c5 40.dxc5 Rxc5 41.Rff1 Rec7
42.Rc1 d4 43.Rxc5 Rxc5 44.Qb4 Rd5 45.Re1 dxe3 46.Rxe3 Kh7 47.Kg2 h5 48.Kh3
Kh6 49.b3 axb3 50.Qxb3 Qd4 51.Bc2 g6 52.Rd3 Qf2 53.Qxd5 Qe2 54.Rd2 Qg4+ 
55.Kg2 Nc4 56.Qd3 h4 57.h3 1-0

[Event "Transcontinental A"]
[Site "Montreal"]
[Date "2016.12.11"]
[Round "4"]
[White "Lamarche, Michel"]
[Black "Marin, Sam"]
[Result "1/2-1/2"]
[WhiteElo "1906"]
[BlackElo "2051"]
[EventDate "2016.12.09"]

1.e4 e6 2.d4 d5 3.Nc3 Nf6 4.e5 Nfd7 5.f4 c5 6.Nf3 Nc6 7.Be3 a6 8.Be2 cxd4 
9.Bxd4 Nxd4 10.Nxd4 Bc5 11.Qd2 Nxe5 12.Nxe6 fxe6 13.fxe5 O-O 14.O-O-O Be7 
15.h4 Bxh4 16.Qd4 Qg5+ 17.Kb1 Bf2 18.Qd3 Qf5 19.Qxf5 Rxf5 20.Bd3 Rf4 21.
Bxh7+ Kf7 22.Ne2 Rh4 23.Rxh4 Bxh4 24.Rf1+ Ke7 25.Bg6 Kd7 26.Rf7+ Kc6 27.
Rxg7 Bf2 28.g4 Bd7 29.c3 Rf8 30.Rf7 Rxf7 31.Bxf7 Kc7 32.Nd4 Bg3 33.Nf3 Kd8
34.Kc2 Ke7 35.Bh5 Bb5 36.Kd2 Bf4+ 37.Kd1 Bf1 38.Ke1 Bg2 39.Kf2 Bxf3 40.
Kxf3 Bxe5 41.Ke3 1/2-1/2

[Event "Transcontinental A"]
[Site "Montreal"]
[Date "2016.12.11"]
[Round "5"]
[White "Marin, Sam"]
[Black "Turcotte, Jonathan"]
[Result "0-1"]
[WhiteElo "2051"]
[BlackElo "2065"]
[EventDate "2016.12.09"]

1.e4 c6 2.d4 d5 3.e5 Bf5 4.g4 Be4 5.f3 Bg6 6.h4 h5 7.g5 e6 8.Nh3 c5 9.Nf4 
Nc6 10.Nxg6 fxg6 11.c3 cxd4 12.Bb5 Qb6 13.Bxc6+ bxc6 14.cxd4 Ne7 15.Nc3 
Nf5 16.Ne2 Bb4+ 17.Kf2 O-O 18.Be3 c5 19.Rc1 Rac8 20.dxc5 Bxc5 21.Bxc5 Rxc5
22.Rxc5 Qxc5+ 23.Ke1 Qe3 24.Qb3 Qxe5 25.Kd2 Rb8 26.f4 Qxb2+ 27.Qxb2 Rxb2+ 
28.Kd3 Rxe2 29.Kxe2 Ng3+ 30.Kf3 Nxh1 31.Kg2 0-1

[Event "Transcontinental A"]
[Site "Montreal"]
[Date "2016.12.11"]
[Round "5"]
[White "Ivakhin, Mikhail"]
[Black "Lamarche, Michel"]
[Result "1-0"]
[WhiteElo "2019"]
[BlackElo "1906"]
[EventDate "2016.12.09"]

1.d4 c6 2.e3 d5 3.f4 Nf6 4.Bd3 Bg4 5.Nf3 g6 6.Nbd2 Bg7 7.c3 O-O 8.O-O a5 
9.a4 Qb6 10.h3 Bf5 11.Bxf5 gxf5 12.b3 Nbd7 13.Ba3 Rfe8 14.Ne5 Nxe5 15.fxe5
Ne4 16.Nxe4 fxe4 17.Qh5 f6 18.e6 Qc7 19.Rf4 Rf8 20.Rh4 h6 21.Qg6 f5 22.Qh5
Rf6 23.Rf4 Rxe6 24.Rxf5 Rf6 25.Rxf6 exf6 26.Qg6 Qf7 27.Qg4 Kh7 28.Rf1 h5 
29.Qh4 Rh8 30.Bd6 Qg6 31.Kh1 f5 32.Qe7 Re8 33.Qd7 Qe6 34.Qxe6 Rxe6 35.Bc7 
Bh6 36.Re1 Rg6 37.h4 f4 38.exf4 Rg3 39.Rc1 Kg6 40.f5+ Kxf5 41.Rf1+ Kg4 42.
Rf6 Rxc3 43.Rxh6 Rxb3 44.Rg6+ Kf5 45.Rg5+ Kf6 46.Be5+ Ke6 47.Rxh5 Rb1+ 48.
Kh2 b5 49.Rh6+ Kf5 50.Rxc6 e3 51.Rc2 Ke4 52.h5 bxa4 53.h6 Rb7 54.Ra2 Rh7 
55.Bg7 Kd3 56.Kg3 Kc3 57.Rxa4 1-0

[Event "Transcontinental B"]
[Site "Montreal"]
[Date "2016.12.09"]
[Round "1"]
[White "Zhong, Kevin"]
[Black "Joanis, Marc-Andre"]
[Result "1-0"]
[WhiteElo "1796"]
[BlackElo "1816"]
[EventDate "2016.12.09"]

1.e4 c6 2.d4 d5 3.exd5 cxd5 4.c4 Nf6 5.Nc3 Nc6 6.Bg5 Be6 7.Be2 Qa5 8.Qd2 
dxc4 9.Bxf6 exf6 10.d5 O-O-O 11.Bxc4 Ne5 12.Qd4 Qb4 13.Rc1 Bc5 14.Qe4 Nxc4
15.dxe6 Rhe8 16.Ne2 Rxe6 17.Qf5 g6 18.Qh3 f5 19.O-O Kb8 20.Qh4 Rde8 21.Nd5
Qxb2 22.Qxc4 Rxe2 23.Qxc5 Qe5 24.f4 1-0

[Event "Transcontinental B"]
[Site "Montreal"]
[Date "2016.12.09"]
[Round "1"]
[White "Samson, Gaetan"]
[Black "Morin, Louis"]
[Result "1-0"]
[WhiteElo "1850"]
[BlackElo "1895"]
[EventDate "2016.12.09"]

1.e4 e5 2.Nf3 d6 3.Bc4 Be6 4.Qe2 Nc6 5.c3 Be7 6.O-O Nf6 7.Re1 O-O 8.d4 Bg4
9.d5 Nb8 10.Nbd2 Nbd7 11.Nf1 Nc5 12.Ng3 Nh5 13.h3 Nxg3 14.fxg3 Bh5 15.b4 
Nd7 16.Bd3 Bg6 17.a4 f5 18.Ra2 fxe4 19.Bxe4 Bxe4 20.Qxe4 Nf6 21.Qc4 Nd7 
22.Rf1 Kh8 23.Raf2 Rc8 24.b5 h6 25.Qg4 Nf6 26.Qg6 Qe8 27.Nh4 Nxd5 28.Bxh6 
Qxg6 29.Nxg6+ Kh7 30.Nxf8+ Kxh6 31.Ne6 Nxc3 32.Nxg7 Kxg7 33.Rf7+ Kg6 34.
Rxe7 Nd5 35.Re6+ Kg7 36.h4 Rf8 37.Rc1 Rf6 38.Re8 Rf8 39.Rxf8 Kxf8 40.Kf2 
Ke7 41.g4 Kd7 42.g5 Nf4 43.Kf3 d5 44.g4 Ne6 45.g6 c5 46.bxc6+ bxc6 47.h5 
Ke7 48.h6 Kf8 49.Rb1 e4+ 50.Ke3 1-0

[Event "Transcontinental B"]
[Site "Montreal"]
[Date "2016.12.09"]
[Round "1"]
[White "Guipi Bopala, Prince Eric jr"]
[Black "Gauthier, Luc"]
[Result "1/2-1/2"]
[WhiteElo "1831"]
[BlackElo "1761"]
[EventDate "2016.12.09"]

1.d4 d5 2.c4 Nc6 3.e3 e5 4.dxe5 d4 5.exd4 Nxd4 6.Be3 Bb4+ 7.Nc3 Bxc3+ 8.
bxc3 Nc6 9.Qxd8+ Nxd8 10.Nf3 Nc6 11.Be2 Nge7 12.O-O O-O 13.Rfe1 Ng6 14.Bd4
Bf5 15.Rad1 Rfe8 16.Bd3 Bxd3 17.Rxd3 Nf4 18.Rdd1 Ne6 19.Be3 Rad8 20.g3 h6 
21.h4 b6 22.Bf4 Na5 23.Nd4 Nxf4 24.gxf4 c5 25.Nb5 Nxc4 26.Nxa7 Nb2 27.Rb1 
Nd3 28.Re4 Ra8 29.Ra4 Nxf4 30.Rxf4 Rxa7 31.Rxb6 Rxa2 32.Rb5 Re2 33.Rb7 
R2xe5 34.Rfxf7 R5e6 35.Rxg7+ Kh8 36.Rh7+ Kg8 37.Rbg7+ Kf8 38.Rc7 Kg8 39.
Rhd7 Rg6+ 40.Kf1 Rg4 41.Rxc5 Rxh4 42.Rcc7 Rh1+ 43.Kg2 Rc1 44.c4 h5 45.Rg7+
Kh8 46.Rh7+ Kg8 47.Rxh5 Re6 48.Rd5 Rg6+ 49.Kf3 Rc3+ 50.Ke4 Rg4+ 51.Kf5 Rg7
52.Rd8+ Kh7 53.Rxg7+ Kxg7 54.f4 Rxc4 55.Kg5 Rc6 56.Rd7+ Kf8 57.f5 Ra6 58.
Rb7 Rc6 59.Rb4 Ra6 60.Rg4 Kf7 61.Rh4 Rb6 62.Rh7+ Kg8 63.Rh6 Rxh6 64.Kxh6 
Kf7 65.Kh5 Kf6 66.Kg4 Kf7 67.Kg5 Kg7 68.f6+ Kf7 69.Kf5 Kf8 70.Kg6 Kg8 71.
Kh5 Kf7 72.Kg5 Kf8 73.Kf4 Kf7 74.Ke5 Kf8 75.Kf4 Kf7 76.Kg5 Kf8 77.Kh6 Kf7 
78.Kg5 Kf8 1/2-1/2

[Event "Transcontinental B"]
[Site "Montreal"]
[Date "2016.12.10"]
[Round "2"]
[White "Guipi Bopala, Prince Eric jr"]
[Black "Samson, Gaetan"]
[Result "0-1"]
[WhiteElo "1831"]
[BlackElo "1850"]
[EventDate "2016.12.09"]

1.d4 Nf6 2.c4 g6 3.Nc3 Bg7 4.e4 d6 5.f3 O-O 6.Be3 Nbd7 7.Nge2 c6 8.Qd2 a6 
9.c5 b5 10.cxb6 Nxb6 11.b3 Be6 12.g4 a5 13.Ng3 a4 14.b4 Bc4 15.Nce2 Bb5 
16.Bh6 Nc4 17.Qg5 Nb2 18.Kf2 e5 19.Bxg7 Kxg7 20.h4 Kh8 21.h5 gxh5 22.gxh5 
Rg8 23.Qh6 Nd3+ 24.Kg2 Nxb4 25.Nc1 Nc2 26.Bxb5 cxb5 27.Rb1 Nxd4 28.Nd3 Ne2
29.Rh3 Rc8 30.Rb2 Nd4 31.Qe3 Nd7 32.Kh1 Nc5 33.Nf5 Nxd3 34.Qxd3 Qg5 35.Qf1
Rc1 36.Rf2 Rxf1+ 37.Rxf1 Qg2# 0-1

[Event "Transcontinental B"]
[Site "Montreal"]
[Date "2016.12.10"]
[Round "2"]
[White "Morin, Louis"]
[Black "Zhong, Kevin"]
[Result "1-0"]
[WhiteElo "1895"]
[BlackElo "1796"]
[EventDate "2016.12.09"]

1.e4 c5 2.d4 cxd4 3.c3 dxc3 4.Nxc3 Nc6 5.Nf3 d6 6.Bc4 a6 7.O-O Nf6 8.Bf4 
Bg4 9.Qb3 e6 10.Qxb7 Na5 11.Qb4 Nxc4 12.Qxc4 Bxf3 13.gxf3 Be7 14.Qc6+ Nd7 
15.Bxd6 O-O 16.Rad1 Bxd6 17.Qxd6 Qg5+ 18.Qg3 Qe7 19.Rd2 Rab8 20.Rfd1 Nb6 
21.f4 Qb4 22.b3 Rbc8 23.Rd3 a5 24.Qe3 Rc6 25.Ne2 a4 26.Rd4 Qa5 27.b4 Qb5 
28.Qd3 Qh5 29.Ng3 Qg4 30.Qb5 Rc2 31.Qxb6 Qxf4 32.Rd8 Qf6 33.Rxf8+ Kxf8 34.
Rd8+ Ke7 35.Qd6# 1-0

[Event "Transcontinental B"]
[Site "Montreal"]
[Date "2016.12.10"]
[Round "2"]
[White "Gauthier, Luc"]
[Black "Joanis, Marc-Andre"]
[Result "1-0"]
[WhiteElo "1761"]
[BlackElo "1816"]
[EventDate "2016.12.09"]

1.e4 c6 2.d4 d5 3.f3 Qb6 4.Nc3 e6 5.Nge2 Nf6 6.a3 Be7 7.Bd2 O-O 8.Bg5 dxe4
9.Bxf6 Bxf6 10.Nxe4 Nd7 11.Rb1 Rd8 12.c3 e5 13.Nxf6+ Nxf6 14.Qc2 Nd5 15.
Qe4 exd4 16.Qxd4 Bf5 17.Qxb6 axb6 18.Rd1 Ne3 19.Rxd8+ Rxd8 20.Nd4 Bg6 21.
Be2 Nxg2+ 22.Kf2 Nf4 23.Rd1 Re8 24.Bf1 h6 25.Rd2 Rd8 26.Kg3 Ne6 27.Bc4 
Nxd4 28.Rxd4 Rxd4 29.cxd4 Bf5 30.Kf4 Bh3 31.Ke5 Kf8 32.Kd6 g5 33.Kc7 b5 
34.Be2 Ke7 35.b3 Be6 36.Bd1 Bd5 37.a4 f5 38.a5 b4 39.Kxb7 c5+ 40.Kb6 cxd4 
41.Kc5 Ba8 42.Kxd4 Kd6 43.Kc4 Ke5 44.Kxb4 Kd4 45.Kb5 Kc3 46.b4 Kd2 47.Ba4 
Bxf3 48.Kb6 f4 49.a6 Kc3 50.a7 Ba8 51.Bc6 f3 52.Bxa8 f2 53.Bg2 1-0

[Event "Transcontinental B"]
[Site "Montreal"]
[Date "2016.12.10"]
[Round "3"]
[White "Samson, Gaetan"]
[Black "Gauthier, Luc"]
[Result "1/2-1/2"]
[WhiteElo "1850"]
[BlackElo "1761"]
[EventDate "2016.12.09"]

1.e4 Nf6 2.e5 Nd5 3.d4 d6 4.c4 Nb6 5.f4 dxe5 6.fxe5 c5 7.d5 g6 8.Nf3 Bg4 
9.h3 Bxf3 10.Qxf3 Bg7 11.Bf4 e6 12.dxe6 fxe6 13.Nc3 O-O 14.Qe3 Nc6 15.Rd1 
Nd4 16.Rd2 Nd7 17.Nb5 Nf5 18.Qc3 Bh6 19.Bxh6 Nxh6 20.Be2 Qh4+ 21.Kd1 Rad8 
22.Nd6 Qg5 23.Nxb7 Nf5 24.Nxd8 Ne3+ 25.Kc1 Rxd8 26.h4 Qxg2 27.Qxe3 Qxh1+ 
28.Kc2 Qxh4 29.Qf3 Nxe5 30.Rxd8+ Qxd8 31.Qe4 Qc7 32.Qa8+ Kf7 33.Qh8 
1/2-1/2

[Event "Transcontinental B"]
[Site "Montreal"]
[Date "2016.12.10"]
[Round "3"]
[White "Joanis, Marc-Andre"]
[Black "Morin, Louis"]
[Result "0-1"]
[WhiteElo "1816"]
[BlackElo "1895"]
[EventDate "2016.12.09"]

1.Nf3 c5 2.c4 Nc6 3.Nc3 Nf6 4.g3 e5 5.d3 d6 6.Bg2 Be7 7.O-O O-O 8.Bg5 Be6 
9.Bxf6 Bxf6 10.Ne1 Be7 11.Nc2 Bg5 12.Ne3 Bxe3 13.fxe3 f5 14.Bd5 Bxd5 15.
Nxd5 Ne7 16.Nc3 Qd7 17.d4 Qe6 18.Nb5 exd4 19.exd4 Qxc4 20.Nxd6 Qxd4+ 21.
Kg2 Qxd1 22.Raxd1 b6 23.a4 g6 24.Nc4 Rad8 25.b3 Nd5 26.Rd3 Nb4 27.Rdd1 
Rfe8 28.Kf2 Nc2 29.e3 Nb4 30.Ke2 Na2 31.Rd3 Rxd3 32.Kxd3 Rd8+ 33.Kc2 Nb4+ 
34.Kc1 Rd5 35.Rd1 Rxd1+ 36.Kxd1 Kf7 37.Kd2 Ke6 38.Na3 Kd5 39.Nc4 Ke4 40.
Ke2 Nc6 41.Nd2+ Kd5 42.Kd3 Ne5+ 43.Ke2 c4 44.bxc4+ Nxc4 0-1

[Event "Transcontinental B"]
[Site "Montreal"]
[Date "2016.12.10"]
[Round "3"]
[White "Zhong, Kevin"]
[Black "Guipi Bopala, Prince Eric jr"]
[Result "1/2-1/2"]
[WhiteElo "1796"]
[BlackElo "1831"]
[EventDate "2016.12.09"]

1.e4 e5 2.Nf3 Nc6 3.Bc4 Nf6 4.d3 Bc5 5.c3 d6 6.Bb3 a6 7.O-O O-O 8.Re1 Bb6 
9.h3 Be6 10.Bc2 Ne7 11.Nbd2 Ng6 12.Nf1 Qe7 13.Ng3 Rad8 14.d4 h6 15.Be3 Bc8
16.c4 Rfe8 17.a3 c6 18.b4 Ba7 19.Qe2 b5 20.Rad1 Be6 21.d5 Bxe3 22.Qxe3 
cxd5 23.cxd5 Bc8 24.a4 bxa4 25.Bxa4 Bd7 26.Qa3 Bb5 27.Bxb5 axb5 28.Qa6 Qd7
29.Nf5 Ne7 30.N3h4 Nxf5 31.Nxf5 Nxe4 32.Nxg7 Kxg7 33.Rxe4 f5 34.Ree1 Ra8 
35.Qc6 Ra7 36.Rc1 Re7 37.Qb6 Rb7 38.Qe3 Rc7 39.Rxc7 Qxc7 40.Rc1 Qb7 41.Rc6
Qb8 42.Qc3 Kf7 43.Qf3 Kg6 44.Qg3+ Kh7 45.Qh4 Rf7 46.Qg3 Ra7 47.Qf3 Rf7 48.
Qc3 Rd7 49.Qf3 Rf7 50.Qe3 Rb7 51.Qc1 Rd7 52.Rc8 Qa7 53.Qc6 Rg7 54.Ra8 Qd4 
1/2-1/2

[Event "Transcontinental B"]
[Site "Montreal"]
[Date "2016.12.11"]
[Round "4"]
[White "Guipi Bopala, Prince Eric jr"]
[Black "Joanis, Marc-Andre"]
[Result "1/2-1/2"]
[WhiteElo "1831"]
[BlackElo "1816"]
[EventDate "2016.12.09"]

1.d4 d5 2.c4 c6 3.Nf3 Nf6 4.e3 a6 5.Bd2 b5 6.cxb5 cxb5 7.a4 bxa4 8.Qxa4+ 
Bd7 9.Qc2 e6 10.Nc3 Nc6 11.Be2 Be7 12.O-O Nb4 13.Qd1 O-O 14.Ne5 Qb6 15.Na2
Rfb8 16.Nxd7 Nxd7 17.Bc3 h6 18.Nxb4 Bxb4 19.Bxb4 Qxb4 20.Rxa6 Rxa6 21.Bxa6
Qxb2 22.Qa4 Nf6 1/2-1/2

[Event "Transcontinental B"]
[Site "Montreal"]
[Date "2016.12.11"]
[Round "4"]
[White "Samson, Gaetan"]
[Black "Zhong, Kevin"]
[Result "1/2-1/2"]
[WhiteElo "1850"]
[BlackElo "1796"]
[EventDate "2016.12.09"]

1.e4 c5 2.Nf3 Nc6 3.d4 cxd4 4.Nxd4 g6 5.Nc3 Bg7 6.Be3 Nf6 7.f3 O-O 8.Nb3 
d6 9.Qd2 a5 10.Bb5 Na7 11.Be2 Bd7 12.a4 Nc6 13.g4 Be6 14.h4 h5 15.Nd4 Nxd4
16.Bxd4 hxg4 17.h5 g3 18.hxg6 fxg6 19.Qg5 Qe8 20.Qxg3 Nh5 21.Qg1 Qf7 22.
Bxg7 Qxg7 23.O-O-O Nf4 24.Rd2 Nxe2+ 25.Rxe2 Rxf3 26.Reh2 Raf8 27.Rh8+ Qxh8
28.Qxg6+ Qg7 29.Qxe6+ R3f7 30.Nd5 Qg5+ 31.Kb1 Kg7 32.Qh3 Qg6 33.Qc3+ e5 
34.Qxa5 Rf1+ 35.Rxf1 Rxf1+ 36.Ka2 Qxe4 37.Qc7+ Rf7 38.Qa5 Qc4+ 39.Ka3 Qxc2
40.Nc3 Qf2 41.Qd8 Qc5+ 42.Kb3 e4 43.Qh4 e3 44.Ne4 Qd5+ 45.Ka3 e2 46.Qg4+ 
Kf8 47.Qxe2 1/2-1/2

[Event "Transcontinental B"]
[Site "Montreal"]
[Date "2016.12.11"]
[Round "4"]
[White "Gauthier, Luc"]
[Black "Morin, Louis"]
[Result "0-1"]
[WhiteElo "1761"]
[BlackElo "1895"]
[EventDate "2016.12.09"]

1.e4 e5 2.f4 exf4 3.Nf3 h6 4.d4 g5 5.Nc3 Bg7 6.g3 d6 7.d5 fxg3 8.hxg3 Nd7 
9.Bb5 a6 10.Bxd7+ Bxd7 11.Be3 Qf6 12.Bd4 Qg6 13.Bxg7 Qxg7 14.Qd4 Qxd4 15.
Nxd4 Nf6 16.O-O-O Kf8 17.Rdf1 Kg7 18.Nf5+ Bxf5 19.Rxf5 Ng4 20.Rhf1 f6 21.
Kd2 Rae8 22.Kd3 Re5 23.Ne2 Rhe8 24.Nd4 Rxe4 25.Ne6+ R4xe6 26.dxe6 Rxe6 27.
Kd2 Ne3 28.Re1 Nc4+ 29.Kd1 Nxb2+ 30.Kd2 Nc4+ 31.Kd1 Ne3+ 32.Kd2 Nxf5 33.
Rxe6 Kf7 0-1

[Event "Transcontinental B"]
[Site "Montreal"]
[Date "2016.12.11"]
[Round "5"]
[White "Morin, Louis"]
[Black "Guipi Bopala, Prince Eric jr"]
[Result "1/2-1/2"]
[WhiteElo "1895"]
[BlackElo "1831"]
[EventDate "2016.12.09"]

1.e4 e5 2.Nf3 Nc6 3.Bb5 a6 4.Bxc6 dxc6 5.O-O Bg4 6.h3 Bxf3 7.Qxf3 Bc5 8.d3
h6 9.Be3 Bxe3 10.Qxe3 Qe7 11.Nd2 Nf6 12.d4 exd4 13.Qxd4 Rd8 14.Qc3 O-O 15.
Rae1 Rfe8 16.f3 Qd6 17.Nc4 Qg3 18.Ne3 Nh5 19.Nf5 Qg6 20.Rd1 Rxd1 21.Rxd1 
Nf4 22.Qd2 Nxh3+ 23.Kh2 Ng5 24.Ne7+ Rxe7 25.Qd8+ Kh7 26.Qxe7 Qh5+ 27.Kg3 
Qg6 28.Kf2 Ne6 29.Rd7 Nf4 30.g4 f6 31.Rxc7 h5 32.Rc8 hxg4 33.Qe8 g3+ 34.
Ke1 Qg5 35.Qg8+ Kh6 36.Qh8+ Kg6 37.Qe8+ Kh7 38.Qh8+ Kg6 39.Qe8+ 1/2-1/2

[Event "Transcontinental B"]
[Site "Montreal"]
[Date "2016.12.11"]
[Round "5"]
[White "Joanis, Marc-Andre"]
[Black "Samson, Gaetan"]
[Result "0-1"]
[WhiteElo "1816"]
[BlackElo "1850"]
[EventDate "2016.12.09"]

1.d4 Nf6 2.Nf3 g6 3.g3 Bg7 4.Bg2 O-O 5.O-O d5 6.c4 c6 7.cxd5 Nxd5 8.Nc3 
Nb6 9.Bg5 N8d7 10.Qc1 Nf6 11.Rd1 Nbd5 12.Nxd5 cxd5 13.Bh6 Bf5 14.Bxg7 Kxg7
15.Nh4 Be6 16.Qd2 Rc8 17.Rdc1 Qd7 18.Nf3 Qb5 19.Ne5 Ne4 20.Qd3 Rxc1+ 21.
Rxc1 Qxb2 22.Rb1 Qxa2 23.Rxb7 Rc8 24.Rb1 Rc2 25.Re1 Rc3 26.Qb1 Qxb1 27.
Rxb1 Nd2 28.Ra1 Nb3 0-1

[Event "Transcontinental C"]
[Site "Montreal"]
[Date "2016.12.09"]
[Round "1"]
[White "Bedard, Michel"]
[Black "Baran, Marius"]
[Result "0-1"]
[WhiteElo "1584"]
[BlackElo "1707"]
[EventDate "2016.12.09"]

1.f4 d5 2.Nf3 c5 3.e3 Nc6 4.b3 Nf6 5.Bb2 g6 6.Be2 Bg7 7.O-O O-O 8.c3 Qc7 
9.d4 b6 10.Na3 a6 11.Nc2 Bf5 12.Rc1 Be4 13.Ng5 h6 14.Nxe4 Nxe4 15.Ne1 e6 
16.Bf3 Rad8 17.Ba3 Ne7 18.Qe2 Nf5 19.g4 Nfd6 20.Bg2 Rfe8 21.Nf3 f6 22.Bb2 
c4 23.Nd2 Nxd2 24.Qxd2 Qf7 25.Qc2 f5 26.g5 hxg5 27.fxg5 Qe7 28.h4 cxb3 29.
axb3 Ne4 30.Bxe4 fxe4 31.Qg2 Rf8 32.Rxf8+ Rxf8 33.Ra1 Rf3 34.Rf1 Rxf1+ 35.
Qxf1 b5 36.c4 bxc4 37.bxc4 Qb4 38.Qc1 dxc4 39.Bc3 Qb5 40.Qb2 Qb3 41.Kf2 
Qxb2+ 42.Bxb2 Bf8 43.Bc3 Bd6 44.Be1 Kf7 45.Ke2 Ke7 46.Kd1 Bh2 47.Kc2 Bg1 
48.Kc3 Bxe3 49.Kxc4 Kd6 50.Bg3+ Kd7 51.Be1 Bg1 52.Bg3 a5 53.Kb5 Bxd4 54.
Kxa5 Bg1 55.Kb4 e3 56.Be5 Bf2 57.h5 gxh5 0-1